01482nam a2200385Ia 4500001001200000003000800012006001900020007001500039008004100054010001700095020001500112020001500127020001800142020001800160040002100178035002100199050002900220245013300249260005200382300001100434490003000445500009100475504005100566533015200617650001400769650002500783655002900808700002000837700001900857700001700876710001700893830004300910856012600953999001701079ebr10568209CaPaEBRm u cr cn|||||||||060615s2006 enk sb 001 0 eng d z 2006277764 z1412920361 z141292037X z9781412920360 z9781446202784 aCaPaEBRcCaPaEBR a(OCoLC)79781439414aQ175.32.V65bI587 2006eb00aInventive lifeh[electronic resource] :bapproaches to the new vitalism /cedited by Mariam Fraser, Sarah Kember and Celia Lury. aLondon ;aThousand Oaks, Calif. :bSAGE,c2006. a199 p.1 aTheory, culture & society a"Originally published as Volume 22, Number 1 of Theory, Culture & Society"--T.p.verso. aIncludes bibliographical references and index. aElectronic reproduction.bPalo Alto, Calif. :cebrary,d2011.nAvailable via World Wide Web.nAccess may be limited to ebrary affiliated libraries. 0aVitalism. 0aSciencexPhilosophy. 7aElectronic books.2local1 aFraser, Mariam.1 aKember, Sarah.1 aLury, Celia.2 aebrary, Inc. 0aTheory, culture & society (Unnumbered)40uhttp://site.ebrary.com/lib/rucke/Doc?id=10568209zAn electronic book accessible through the World Wide Web; click to view c82366d82366